[Event "Panama op 4th"]
[Site "Panama City"]
[Date "2023.11.09"]
[Round "7"]
[White "Delgado Rosas, Alex Antonio"]
[Black "Georgiev, Vladimir"]
[Result "1-0"]
[WhiteElo "2105"]
[BlackElo "2408"]
[PlyCount "135"]
[EventDate "2023.11.06"]
[EventType "swiss"]
[EventRounds "9"]
[EventCountry "PAN"]
[SourceTitle "CB46_2023"]
[SourceDate "2023.11.15"]
[SourceVersion "1"]
[SourceVersionDate "2023.11.15"]
[SourceQuality "1"]

1. d4 d5 2. Bf4 Nf6 3. e3 c5 4. c3 Nc6 5. Nd2 Bf5 6. Qb3 Qc8 7. Ngf3 e6 8. Ne5 Nxe5 9. dxe5 c4 10. Qd1 Ne4 11. Nxe4 Bxe4 12. f3 Bg6 13. e4 Bc5 14. h4 h5 15. exd5 exd5 16. Qxd5 0-0 17. Bg5 b5 18. Rd1 Re8 19. Be2 Bb6 20. f4 Qf5 21. g4 hxg4 22. h5 Bh7 23. h6 Be3 24. Rf1 Qc2 25. e6 Qg6 26. exf7+ Qxf7 27. Qxf7+ Kxf7 28. Rd7+ Ke6 29. Bxg4+ Bf5 30. Bxf5+ Kxf5 31. Rf7+ Kg4 32. Rxg7 Bd4+ 33. Re7 Rxe7+ 34. Bxe7 Bh8 35. Bc5 Kf5 36. Rg1 Re8+ 37. Kf2 Re4 38. Be3 Re7 39. Rg5+ Ke4 40. Rxb5 Bf6 41. Rh5 Rb7 42. Bc1 Rh7 43. Kg3 a5 44. Kg4 a4 45. Rc5 Rxh6 46. Rxc4+ Kd3 47. Rxa4 Rh1 48. Ra6 Be7 49. Re6 Bc5 50. b4 Rg1+ 51. Kf5 Bf2 52. Rd6+ Kxc3 53. Bd2+ Kc2 54. a4 Rd1 55. Rc6+ Kb3 56. Bc3 Kxa4 57. Ke6 Bh4 58. f5 Rf1 59. Bf6 Re1+ 60. Kf7 Bg3 61. Be7 Rf1 62. f6 Be5 63. Ra6+ Kb3 64. Re6 Bd4 65. b5 Kc4 66. b6 Rb1 67. Ke8 Bxb6 68. f7 1-0

[Event "Gulf Coast op"]
[Site "Estero"]
[Date "2023.10.14"]
[Round "3"]
[White "Georgiev, Vladimir"]
[Black "Slade, Theodore"]
[Result "0-1"]
[WhiteElo "2415"]
[BlackElo "2027"]
[PlyCount "114"]
[EventDate "2023.10.13"]
[EventType "swiss"]
[EventRounds "5"]
[EventCountry "USA"]
[SourceTitle "Mega2024 Update 01"]
[Source "Chessbase"]
[SourceDate "2023.11.12"]
[SourceVersion "1"]
[SourceVersionDate "2023.11.12"]
[SourceQuality "1"]

1. d4 d5 2. Nf3 e6 3. Bf4 c5 4. e3 Nf6 5. Nbd2 Nc6 6. c3 Bd6 7. Bg3 0-0 8. Bd3 b6 9. Qe2 Bb7 10. Rd1 Rc8 11. dxc5 bxc5 12. e4 Be7 13. e5 Nh5 14. Ng5 Bxg5 15. Qxh5 g6 16. Qe2 Bh6 17. Nf3 Bg7 18. h4 Qc7 19. h5 d4 20. Kf1 Ne7 21. cxd4 Bxf3 22. Qxf3 cxd4 23. Qe4 Nf5 24. Bf4 Qc6 25. Qxc6 Rxc6 26. h6 Bh8 27. Bxf5 gxf5 28. Rh3 f6 29. Rxd4 fxe5 30. Rg3+ Kf7 31. Rd7+ Ke8 32. Rxa7 exf4 33. Rb3 Rc1+ 34. Ke2 Rc2+ 35. Kf3 Rxf2+ 36. Kxf2 Bd4+ 37. Kf3 Bxa7 38. Kxf4 Bd4 39. Rb4 e5+ 40. Kg5 Be3+ 41. Kh5 Rg8 42. Rb3 Rg5+ 43. Kh4 Rg4+ 44. Kh5 Rg5+ 45. Kh4 Rg4+ 46. Kh5 Bf4 47. Rb8+ Kf7 48. Rb7+ Kf6 49. Rb6+ Kf7 50. Rb7+ Kf6 51. Rb6+ Ke7 52. Rb7+ Ke6 53. Rxh7 Rg5+ 54. Kh4 Rg4+ 55. Kh5 Rg5+ 56. Kh4 Rxg2 57. Kh5 Kf6 0-1

[Event "FRM-chT 31st"]
[Site "Ohrid"]
[Date "2023.08.28"]
[Round "3.3"]
[White "Gotovusa, Goran"]
[Black "Georgiev, Vladimir"]
[Result "0-1"]
[WhiteElo "2172"]
[BlackElo "2423"]
[PlyCount "88"]
[EventDate "2023.08.26"]
[EventType "team-tourn"]
[EventRounds "7"]
[EventCountry "MKD"]
[SourceTitle "EXT 2024"]
[Source "ChessBase"]
[SourceDate "2023.10.10"]
[SourceVersion "1"]
[SourceVersionDate "2023.10.10"]
[SourceQuality "1"]
[WhiteTeam "Prilep Pelagon"]
[BlackTeam "Skopje Gambit Asseko"]
[WhiteTeamCountry "MKD"]
[BlackTeamCountry "MKD"]

1. d4 Nf6 2. Nf3 d5 3. e3 Bf5 4. c4 e6 5. Nc3 Bb4 6. Qb3 c5 7. cxd5 exd5 8. Bb5+ Nc6 9. Ne5 Qb6 10. 0-0 0-0 11. Bxc6 bxc6 12. Na4 Qc7 13. a3 cxd4 14. Qxb4 Qxe5 15. Qxd4 Ng4 16. Qxe5 Nxe5 17. Nc5 Rfb8 18. f4 Nd3 19. Nxd3 Bxd3 20. Rd1 Bc2 21. Rd4 a5 22. a4 Be4 23. Ra3 c5 24. Rd1 h5 25. Rc3 c4 26. Kf2 h4 27. Ra3 Ra6 28. Rg1 Rab6 29. Re1 Kh7 30. g3 hxg3+ 31. hxg3 Rh6 32. Rg1 Rh2+ 33. Ke1 Kg6 34. g4 Bd3 35. Kd1 f6 36. f5+ Kf7 37. e4 Bxe4 38. Bf4 Rhxb2 39. Bxb8 Rb1+ 40. Kd2 Rxg1 41. Bc7 d4 42. Bxa5 Rxg4 43. Bb6 c3+ 44. Kd1 c2+ 0-1

[Event "Fort Lauderdale 1000 GM GM 08"]
[Site "Fort Lauderdale"]
[Date "2023.08.05"]
[Round "7"]
[White "Schmakel, Sam A"]
[Black "Georgiev, Vladimir"]
[Result "0-1"]
[WhiteElo "2455"]
[BlackElo "2421"]
[PlyCount "106"]
[EventDate "2023.08.02"]
[EventType "tourn"]
[EventRounds "9"]
[EventCountry "USA"]
[EventCategory "6"]
[SourceTitle "CBM 215 Extra"]
[Source "ChessBase"]
[SourceDate "2023.09.30"]
[SourceVersion "1"]
[SourceVersionDate "2023.09.30"]
[SourceQuality "1"]

1. e4 e5 2. Nf3 Nc6 3. Bc4 Nf6 4. d3 h6 5. c3 d6 6. a4 g6 7. a5 Bg7 8. 0-0 0-0 9. Re1 a6 10. h3 Kh7 11. d4 exd4 12. cxd4 d5 13. exd5 Nxd5 14. Bxd5 Qxd5 15. Nc3 Qf5 16. d5 Nb4 17. g4 Qd3 18. Ra4 c5 19. Qxd3 Nxd3 20. Rd1 Nxc1 21. Rxc1 Rd8 22. Rc4 Bxc3 23. R1xc3 Rxd5 24. Rxc5 Rd1+ 25. Kh2 Be6 26. Rc1 Rad8 27. Rxd1 Rxd1 28. Kg3 Bd5 29. Ne5 g5 30. f4 Kg7 31. h4 Kf6 32. hxg5+ hxg5 33. Nf3 gxf4+ 34. Kxf4 Bxf3 35. Kxf3 Rd3+ 36. Ke4 Rb3 37. Kf4 Rb4+ 38. Kg3 Rxb2 39. Kh4 Rb3 40. Rc7 Kg6 41. Rd7 Rb5 42. Kg3 f5 43. gxf5+ Kxf5 44. Kf3 Ke6 45. Rh7 Kd6 46. Ke4 Kc6 47. Rh6+ Kc7 48. Rh7+ Kb8 49. Kd4 Rxa5 50. Kc4 Rb5 51. Rg7 Rb1 52. Kc3 Ka7 53. Kc2 Rb5 0-1

[Event "Fort Lauderdale 1000 GM GM 08"]
[Site "Fort Lauderdale"]
[Date "2023.08.03"]
[Round "3"]
[White "Mitkov, Nikola"]
[Black "Georgiev, Vladimir"]
[Result "1/2-1/2"]
[WhiteElo "2420"]
[BlackElo "2421"]
[PlyCount "38"]
[EventDate "2023.08.02"]
[EventType "tourn"]
[EventRounds "9"]
[EventCountry "USA"]
[EventCategory "6"]
[SourceTitle "CBM 215 Extra"]
[Source "ChessBase"]
[SourceDate "2023.09.30"]
[SourceVersion "1"]
[SourceVersionDate "2023.09.30"]
[SourceQuality "1"]

1. Nf3 d5 2. d4 Nf6 3. c4 c6 4. g3 g6 5. Bg2 Bg7 6. cxd5 cxd5 7. 0-0 0-0 8. Ne5 Ng4 9. Nxg4 Bxg4 10. h3 Be6 11. Be3 Nc6 12. Nc3 Qd7 13. Kh2 Rac8 14. Qd2 Na5 15. b3 b6 16. Rac1 Rc6 17. Bf4 Rfc8 18. Rfd1 f5 19. e3 a6 1/2-1/2

[Event "Charlotte Super op"]
[Site "Charlotte"]
[Date "2023.07.11"]
[Round "5"]
[White "Lee, Megan Shuen Hui"]
[Black "Georgiev, Vladimir"]
[Result "0-1"]
[WhiteElo "2227"]
[BlackElo "2402"]
[PlyCount "164"]
[EventDate "2023.07.09"]
[EventType "swiss"]
[EventRounds "9"]
[EventCountry "USA"]
[SourceTitle "CBM 215 Extra"]
[Source "ChessBase"]
[SourceDate "2023.09.30"]
[SourceVersion "1"]
[SourceVersionDate "2023.09.30"]
[SourceQuality "1"]

1. e4 c5 2. Nf3 Nc6 3. Bb5 g6 4. 0-0 Bg7 5. Bxc6 dxc6 6. a4 a5 7. d3 b6 8. Na3 e5 9. Nc4 Qc7 10. Bd2 f6 11. Ra3 Be6 12. Bc3 Ne7 13. b3 0-0 14. Qa1 Rae8 15. Kh1 Nc8 16. Ng1 Rf7 17. Nd2 Bf8 18. Ra2 Bd6 19. f4 exf4 20. Bxf6 Be7 21. Be5 Bd6 22. Bf6 Be7 23. Bc3 g5 24. Ngf3 g4 25. Ne5 Rff8 26. Ndc4 Bg5 27. Qd1 Qg7 28. Bb2 Bh6 29. Nxc6 Qg5 30. Qe1 Bxc4 31. Qc3 Ba6 32. Qh8+ Kf7 33. Qxh7+ Ke6 34. d4 Ne7 35. d5+ Kd7 36. c4 f3 37. Bc1 Qh5 38. Qxh6 fxg2+ 39. Kxg2 Qh3+ 40. Qxh3 gxh3+ 41. Kg1 Rg8+ 42. Kh1 Nxc6 43. dxc6+ Kxc6 44. Bf4 Rxe4 45. Bg3 Re7 46. Rd2 Kb7 47. Kg1 Ka7 48. Rf6 Bb7 49. Kf2 Rge8 50. Bf4 Rg8 51. Bg3 Rg4 52. Rdd6 Rd4 53. Rxd4 cxd4 54. Bf4 Rg7 55. Bg3 Be4 56. Rf4 Bc2 57. Rxd4 Bxb3 58. Rh4 Bxa4 59. Rxh3 Bb3 60. Rh4 a4 61. Bd6 Rg6 62. c5 Ka6 63. Rh8 Bd5 64. Rh5 Bc6 65. Rh3 b5 66. Rg3 Rf6+ 67. Ke2 b4 68. Kd3 Kb5 69. Rg8 Rf3+ 70. Kd4 a3 71. Rb8+ Ka4 72. Be5 a2 73. Kc4 Rf4+ 74. Bxf4 a1Q 75. Rxb4+ Ka3 76. Bd2 Qf1+ 77. Kd4 Qf2+ 78. Kd3 Qf3+ 79. Kd4 Qd5+ 80. Kc3 Qf3+ 81. Kd4 Qf2+ 82. Kc3 Qxc5+ 0-1

[Event "Charlotte Super op"]
[Site "Charlotte"]
[Date "2023.07.10"]
[Round "2"]
[White "Georgiev, Vladimir"]
[Black "Puckett, Matthew"]
[Result "1-0"]
[WhiteElo "2402"]
[BlackElo "2145"]
[PlyCount "94"]
[EventDate "2023.07.09"]
[EventType "swiss"]
[EventRounds "9"]
[EventCountry "USA"]
[SourceTitle "CBM 215 Extra"]
[Source "ChessBase"]
[SourceDate "2023.09.30"]
[SourceVersion "1"]
[SourceVersionDate "2023.09.30"]
[SourceQuality "1"]

1. d4 Nf6 2. Nf3 e6 3. Bg5 c5 4. e3 b6 5. c4 h6 6. Bh4 Bb7 7. Nc3 cxd4 8. exd4 Bb4 9. Be2 0-0 10. 0-0 d5 11. cxd5 Bxc3 12. bxc3 Qxd5 13. Bxf6 gxf6 14. Qd2 Kg7 15. Rab1 Qd6 16. Rb5 f5 17. c4 Nd7 18. d5 e5 19. Rb3 f4 20. Nh4 f5 21. g3 Nc5 22. Rf3 Qf6 23. Ng2 Ne4 24. Qb2 fxg3 25. fxg3 Bc8 26. Re3 Nd6 27. Qxe5 Qxe5 28. Rxe5 Bd7 29. Bd3 Kf6 30. Re3 Rac8 31. Rf4 Rfe8 32. Rxe8 Rxe8 33. Kf2 Rc8 34. Nh4 Rc5 35. Ke3 Ra5 36. Rf2 Ra4 37. Kd4 b5 38. g4 bxc4 39. Bxf5 Nxf5+ 40. Nxf5 Kg5 41. Ne3 Bxg4 42. Nxg4 Kxg4 43. d6 Ra6 44. Kc5 Rb6 45. d7 Rb8 46. Kxc4 Rd8 47. Rd2 Rb8 1-0

[Event "Charlotte CCCSA Spring IM-C"]
[Site "Charlotte"]
[Date "2023.03.16"]
[Round "2"]
[White "Yu, Jiangwei"]
[Black "Georgiev, Vladimir"]
[Result "0-1"]
[WhiteElo "2167"]
[BlackElo "2404"]
[PlyCount "70"]
[EventDate "2023.03.15"]
[EventType "tourn"]
[EventRounds "9"]
[EventCountry "USA"]
[SourceTitle "CBM 213 Extra"]
[Source "ChessBase"]
[SourceDate "2023.05.31"]
[SourceVersion "1"]
[SourceVersionDate "2023.05.31"]
[SourceQuality "1"]

1. d4 Nf6 2. c4 e6 3. Nc3 Bb4 4. e3 0-0 5. Bd3 d5 6. a3 dxc4 7. axb4 cxd3 8. Qxd3 Nc6 9. Ra4 e5 10. Nge2 Qe7 11. b5 Nb4 12. Qb1 exd4 13. Nxd4 c5 14. bxc6 bxc6 15. 0-0 c5 16. Nf3 Bb7 17. Qf5 Rfd8 18. Ra5 Nd3 19. Ra4 Bc6 20. Ra1 Rab8 21. Rd1 Ne4 22. Rxd3 Rxd3 23. Ne5 g6 24. Nxc6 Qd6 25. Qf3 Nxc3 26. g3 Rd1+ 27. Kg2 Qd3 28. g4 Ne4 29. Qf4 Re8 30. Ne5 Rxe5 31. Qxe5 Qf1+ 32. Kf3 Qxf2+ 33. Kxe4 f5+ 34. gxf5 Qg2+ 35. Kf4 Rf1# 0-1

[Event "Robert Byrne Memorial IM"]
[Site "Naperville"]
[Date "2023.01.18"]
[Round "1"]
[White "Homa, Seth"]
[Black "Georgiev, Vladimir"]
[Result "0-1"]
[WhiteElo "2202"]
[BlackElo "2422"]
[PlyCount "64"]
[EventDate "2023.01.18"]
[EventType "tourn"]
[EventRounds "9"]
[EventCountry "USA"]
[SourceTitle "CBM 212 Extra"]
[Source "ChessBase"]
[SourceDate "2023.03.31"]
[SourceVersion "1"]
[SourceVersionDate "2023.03.31"]
[SourceQuality "1"]

1. e4 e5 2. Nf3 Nc6 3. d4 exd4 4. Nxd4 Bc5 5. Nb3 Bb6 6. Nc3 Nge7 7. Bg5 f6 8. Bf4 0-0 9. a4 a5 10. Qe2 f5 11. Be3 Bxe3 12. Qxe3 fxe4 13. 0-0-0 d5 14. Nxe4 Qe8 15. Nc3 Bf5 16. Nd4 Nxd4 17. Qxd4 Kh8 18. Qc5 c6 19. Re1 Rf7 20. f4 Qd8 21. h3 b6 22. Qf2 b5 23. axb5 a4 24. b6 a3 25. bxa3 d4 26. b7 Rb8 27. Bc4 Rf8 28. Na4 Qd6 29. Nb2 Rxb7 30. Bb3 Qxa3 31. Qxd4 Rb4 32. Qc3 Rd8 0-1

[Event "Charlotte CCCSA Fall GM-C"]
[Site "Charlotte"]
[Date "2022.11.22"]
[Round "9"]
[White "Gedajlovic, Max"]
[Black "Georgiev, Vladimir"]
[Result "0-1"]
[WhiteElo "2317"]
[BlackElo "2406"]
[PlyCount "102"]
[EventDate "2022.11.18"]
[EventType "tourn"]
[EventRounds "9"]
[EventCountry "USA"]
[EventCategory "5"]
[SourceTitle "CBM 211 Extra"]
[Source "ChessBase"]
[SourceDate "2023.01.31"]
[SourceVersion "1"]
[SourceVersionDate "2023.01.31"]
[SourceQuality "1"]

1. d4 d5 2. c4 dxc4 3. e3 Nf6 4. Bxc4 e6 5. Nf3 a6 6. 0-0 b5 7. Bd3 Bb7 8. a4 b4 9. Nbd2 Be7 10. Nb3 c5 11. Nxc5 Bxc5 12. dxc5 Nbd7 13. Bd2 Nxc5 14. Bc4 Rb8 15. Bxb4 Qxd1 16. Rfxd1 Bxf3 17. Bxc5 Bxd1 18. Rxd1 Rd8 19. Ra1 Nd7 20. Ba3 Nb8 21. f4 h5 22. b4 Rc8 23. Be2 Rc2 24. Bf1 Kd7 25. b5 a5 26. Rd1+ Kc8 27. Bd3 Ra2 28. Bd6 Rxa4 29. Rc1+ Kd7 30. Bc7 Ra3 31. Be4 Rxe3 32. Bb7 Re1+ 33. Rxe1 Kxc7 34. Be4 Kb6 35. f5 Nd7 36. fxe6 fxe6 37. Bd3 Nc5 38. Bc4 Rd8 39. Re5 a4 40. Kf1 a3 41. Re3 Ra8 42. Ba2 Kxb5 43. Ke2 Kb4 44. Kd2 Rf8 45. Re2 Rf1 46. Kc2 h4 47. Rd2 e5 48. Bd5 g5 49. Re2 e4 50. Rd2 Nd3 51. Re2 Re1 0-1

[Event "Charlotte CCCSA Fall GM-C"]
[Site "Charlotte"]
[Date "2022.11.19"]
[Round "3"]
[White "Macieja, Bartlomiej"]
[Black "Georgiev, Vladimir"]
[Result "0-1"]
[WhiteElo "2514"]
[BlackElo "2406"]
[PlyCount "98"]
[EventDate "2022.11.18"]
[EventType "tourn"]
[EventRounds "9"]
[EventCountry "USA"]
[EventCategory "5"]
[SourceTitle "CBM 211 Extra"]
[Source "ChessBase"]
[SourceDate "2023.01.31"]
[SourceVersion "1"]
[SourceVersionDate "2023.01.31"]
[SourceQuality "1"]

1. Nf3 d5 2. d4 Nf6 3. c4 dxc4 4. e3 a6 5. Bxc4 b5 6. Be2 e6 7. a4 b4 8. 0-0 Bb7 9. b3 Nbd7 10. Bb2 Be7 11. Nbd2 0-0 12. Nc4 c5 13. Nfe5 cxd4 14. Bxd4 Nxe5 15. Nxe5 Ne4 16. Rc1 Bf6 17. Bf3 Qd5 18. Ba1 Bxe5 19. Qxd5 Bxh2+ 20. Kxh2 Bxd5 21. Bxe4 Bxe4 22. Rc4 Bd5 23. Rxb4 Rab8 24. Rg4 f6 25. b4 Bb3 26. b5 axb5 27. axb5 Rxb5 28. Rc1 h5 29. Rd4 e5 30. Rd7 Rf7 31. Rxf7 Bxf7 32. Bc3 Bd5 33. f3 Kf7 34. e4 Be6 35. Ra1 Rb7 36. Ra6 g5 37. Ba5 Rb2 38. Bd8 Rd2 39. Ra7+ Kg6 40. Ra6 Rxd8 41. Rxe6 g4 42. Re7 Kg5 43. Kg3 h4+ 44. Kh2 gxf3 45. gxf3 Rd2+ 46. Kh3 Rf2 47. Rg7+ Kf4 48. Rg4+ Kxf3 49. Rxh4 Ke3 0-1

[Event "Charlotte CCCSA Fall GM-C"]
[Site "Charlotte"]
[Date "2022.11.18"]
[Round "1"]
[White "Escobar Forero, Alder"]
[Black "Georgiev, Vladimir"]
[Result "1/2-1/2"]
[WhiteElo "2510"]
[BlackElo "2406"]
[PlyCount "28"]
[EventDate "2022.11.18"]
[EventType "tourn"]
[EventRounds "9"]
[EventCountry "USA"]
[EventCategory "5"]
[SourceTitle "CBM 211 Extra"]
[Source "ChessBase"]
[SourceDate "2023.01.31"]
[SourceVersion "1"]
[SourceVersionDate "2023.01.31"]
[SourceQuality "1"]

1. e4 e5 2. Nf3 Nc6 3. Bc4 Bc5 4. c3 Nf6 5. d4 exd4 6. e5 d5 7. Bb5 Ne4 8. cxd4 Bb6 9. Nc3 0-0 10. Be3 Bd7 11. Be2 Bf5 12. 0-0 Bg6 13. Na4 f5 14. exf6 Qxf6 1/2-1/2

[Event "Naperville Diesen Memorial"]
[Site "Naperville"]
[Date "2022.09.26"]
[Round "8"]
[White "Meduri, Aakaash"]
[Black "Georgiev, Vladimir"]
[Result "0-1"]
[WhiteElo "2063"]
[BlackElo "2442"]
[PlyCount "104"]
[EventDate "2022.09.22"]
[EventType "tourn"]
[EventRounds "9"]
[EventCountry "USA"]
[SourceTitle "CBM 210 Extra"]
[Source "ChessBase"]
[SourceDate "2022.11.30"]
[SourceVersion "1"]
[SourceVersionDate "2022.11.30"]
[SourceQuality "1"]

1. d4 Nf6 2. Bf4 d5 3. e3 Bf5 4. c3 e6 5. Nf3 Bd6 6. Bd3 0-0 7. 0-0 Ne4 8. Qb3 Bxf4 9. exf4 b6 10. Bxe4 Bxe4 11. Nfd2 Bd3 12. Re1 c5 13. dxc5 bxc5 14. c4 Bxb1 15. Raxb1 Nc6 16. Qb5 Nb4 17. Re3 Qd6 18. cxd5 exd5 19. a3 Rab8 20. Qa4 d4 21. Rf3 Nc6 22. Rc1 Rfe8 23. b4 d3 24. Qa6 Re2 25. Rd1 Qe6 26. Rxd3 c4 27. Qxc4 Rxd2 28. Qxe6 Rxd1+ 29. Rxd1 fxe6 30. Rd6 Rd8 31. Rxd8+ Nxd8 32. Kf1 Kf7 33. Ke2 Ke7 34. Kd3 Kd6 35. Kc4 Kc6 36. b5+ Kb6 37. Kb4 h5 38. a4 Nb7 39. h3 Na5 40. g4 h4 41. f3 g6 42. g5 Nb7 43. Kc4 Nd6+ 44. Kb4 Nf5 45. a5+ Kc7 46. Kc5 Kb7 47. Kc4 Kc7 48. Kc5 Kd7 49. b6 a6 50. Kc4 Kd6 51. Kd3 Ne7 52. Ke4 Nc6 0-1

[Event "Naperville Diesen Memorial"]
[Site "Naperville"]
[Date "2022.09.22"]
[Round "1"]
[White "Oberoi, Shelev"]
[Black "Georgiev, Vladimir"]
[Result "1/2-1/2"]
[WhiteElo "2291"]
[BlackElo "2442"]
[PlyCount "71"]
[EventDate "2022.09.22"]
[EventType "tourn"]
[EventRounds "9"]
[EventCountry "USA"]
[SourceTitle "CBM 210 Extra"]
[Source "ChessBase"]
[SourceDate "2022.11.30"]
[SourceVersion "1"]
[SourceVersionDate "2022.11.30"]
[SourceQuality "1"]

1. e4 c5 2. c3 d5 3. exd5 Qxd5 4. Nf3 Nc6 5. Na3 Bg4 6. Be2 e6 7. h3 Bh5 8. d3 Nf6 9. Nc4 Be7 10. Bf4 0-0 11. 0-0 b5 12. Nce5 Nxe5 13. Nxe5 Bxe2 14. Qxe2 Qb7 15. Rae1 Rad8 16. Bh2 Nd5 17. Qf3 f6 18. Ng4 Qd7 19. Qe2 e5 20. c4 Nb4 21. Rd1 Nxd3 22. b3 bxc4 23. bxc4 Qd4 24. Ne3 f5 25. Nd5 Rxd5 26. cxd5 e4 27. Kh1 c4 28. d6 Bxd6 29. Bxd6 Qxd6 30. Rb1 Qd5 31. f3 Re8 32. fxe4 Qxe4 33. Qxe4 fxe4 34. Rb7 Ne5 35. Re1 Nd3 36. Rf1 1/2-1/2

[Event "New York Fischer IM"]
[Site "New York"]
[Date "2022.09.01"]
[Round "1"]
[White "Tanenbaum, Zachary Chen"]
[Black "Georgiev, Vladimir"]
[Result "1-0"]
[WhiteElo "2142"]
[BlackElo "2442"]
[PlyCount "93"]
[EventDate "2022.09.01"]
[EventType "tourn"]
[EventRounds "9"]
[EventCountry "USA"]
[SourceTitle "CBM 210 Extra"]
[Source "ChessBase"]
[SourceDate "2022.11.30"]
[SourceVersion "1"]
[SourceVersionDate "2022.11.30"]
[SourceQuality "1"]

1. e4 d6 2. d4 Nf6 3. Nc3 e5 4. Nf3 Nbd7 5. Bc4 Be7 6. 0-0 Nb6 7. dxe5 Nxc4 8. exf6 Bxf6 9. Qd3 Nb6 10. a4 Be6 11. b3 0-0 12. Nd4 d5 13. Nxe6 fxe6 14. Bb2 c6 15. Qh3 Re8 16. Rad1 Qe7 17. Rde1 Qf7 18. e5 Be7 19. f4 Qf5 20. Qxf5 exf5 21. h3 Bb4 22. Rd1 Bxc3 23. Bxc3 Kf7 24. a5 Nd7 25. Bb4 Rad8 26. Bd6 Nf6 27. Bc5 Ne4 28. Bxa7 c5 29. b4 cxb4 30. Rd4 Ra8 31. Bb6 Rac8 32. Rxd5 Rxc2 33. Rb1 Ke6 34. Rd3 Rc3 35. Rd4 b3 36. Rb2 Rec8 37. Rb4 Rc1+ 38. Kh2 Re1 39. Bf2 Ra1 40. Be3 g5 41. R2xb3 Rc7 42. fxg5 Ra2 43. Rb6+ Rc6 44. Bf4 Rf2 45. a6 Kd5 46. Rxc6 bxc6 47. Ra3 1-0